000 00794nas a2200277 4500
001 BR0801502
003 BR-BrBNA
005 20231205111743.0
007 ta
008 230509b bl.|||p| |||| 00| 00por d
040 _aBR-BrBNA
_bpor
_cBiblioteca Nacional de Agricultura
041 _a(En)
072 _aL20; L10; A01
100 1 _aD'Andrea, P.S.
100 1 _aGentile, R.
100 1 _aCerqueira, R.
100 1 _aGrelle, C.E.V.
100 1 _aRey, L.
245 1 _aEcology of small mammals in a Brazilian rural area
650 _aRIO DE JANEIRO
650 _aECOLOGIA
650 _aGAMBÁ
773 0 _tRevista Brasileira de Zoologia (Brazil)
_xISSN 0101-8175
_g(Sep 1999), v. 16(3) p. 611-628
_wBR0801502
909 _a202311
_bLúcia
_c55
_dLúcia Elande
942 _2AGRIS
_n0
_cANA
999 _c194323
_d194323